Bilecik Bilecik Bilecik Bilecik Bilecik

Güzel ahlak/ (Record no. 52072)

MARC details
000 -BAŞLIK
Sabit Uzunluktaki Kontrol Alanı 01385nam a22004097a 4500
001 - KONTROL NUMARASI
Control Dosyası 0052254
003 - KONTROL NUMARASI KİMLİĞİ
Kontrol Alanı KOHA_MİRAKIL
005 - EN SON İŞLEM TARİHİ ve ZAMANI
Kontrol Alanı 20260207003836.0
007 - FİZİKSEL TANIM SABİT ALAN - GENEL BİLGİ
Sabit uzunluklu kontrol alanı ta
008 - SABİT UZUNLUKTAKİ VERİ ÖGELERİ - GENEL BİLGİ
Sabit Alan 150629b2015 tu |||gr||||#||||0|tur |
020 ## - ISBN - ULUSLARARASI STANDART KİTAP NUMARASI
Isbn 9789753523646
040 ## - KATALOGLAMA KAYNAĞI
Özgün Kataloglama Kurumu TR-BiSEU
Kataloglama Dili tur
Çeviri Kurumu TR-BiSEU
Açıklama Kuralları rda
041 0# - DİL KODU
Metin ya da ses kaydının dil kodu tur
044 ## - YAYINLAYAN/ÜRETEN KURULUŞUN ÜLKE KODU
ISO country code tu
050 ## - SINIFLAMA ve YER NUMARASI
Sınıflama Numarası BJ1291
Yer Numarası .I26 2015
100 0# - KİŞİ ADI
Yazar Adı (Kişi adı) İbn Teymiyye.
245 1# - ESER ADI BİLDİRİMİ
Başlık Güzel ahlak/
Sorumluluk Bildirimi İbn Teymiyye ; İbn Teymiyye ; tahkik Abdullah Bedran, Muhammed Ömerulhâci ; Türkçesi Hilal Nayır, Semra Demir, Zeynep Çelik.
250 ## - BASIM BİLDİRİMİ
Basım Bildirimi 2. Baskı
264 #1 - ÜRERİM, YAYIN, DAĞITIM ve TELİF BİLDİRİMİ
Yayın yeri İstanbul :
Yayınlayan Pınar Yayınları
Yayın tarihi 2015
300 ## - FİZİKSEL TANIMLAMA
Sayfa, Cilt vb. 360 sayfa ;
Boyutları 19 cm.
336 ## - İÇERİK TÜRÜ
Content type term metin
Content type code txt
Source rdacontent
337 ## - MEDYA TÜRÜ
Media type term aracısız
Media type code n
Source rdamedia
338 ## - TAŞIYICI TÜRÜ
Carrier type term cilt
Carrier type code nc
Source rdacarrier
490 1# - DİZİ BİLDİRİMİ
Dizi Bildirimi Pınar yayınları ;
Cilt Numarası 325.
490 1# - DİZİ BİLDİRİMİ
Dizi Bildirimi İslam Düşüncesi ;
Cilt Numarası 95.
490 1# - DİZİ BİLDİRİMİ
Dizi Bildirimi İbn Teymiyye Bütün Eserleri ;
Cilt Numarası 10
650 #0 - KONU BAŞLIĞI EK GİRİŞ - KONU TERİMİ
Konusal terim veya coğrafi ad Ethics, in Islam.
9 (RLIN) 89087
650 #0 - KONU BAŞLIĞI EK GİRİŞ - KONU TERİMİ
Konusal terim veya coğrafi ad İnsanlar--Ahlaki ve etik yönleri.
9 (RLIN) 97517
650 #0 - KONU BAŞLIĞI EK GİRİŞ - KONU TERİMİ
Konusal terim veya coğrafi ad İslam ahlakı.
9 (RLIN) 35767
650 #0 - KONU BAŞLIĞI EK GİRİŞ - KONU TERİMİ
Konusal terim veya coğrafi ad Human beings--Moral and ethical aspects.
9 (RLIN) 97518
650 #0 - KONU BAŞLIĞI EK GİRİŞ - KONU TERİMİ
Konusal terim veya coğrafi ad Islamic ethics.
9 (RLIN) 25545
650 #0 - KONU BAŞLIĞI EK GİRİŞ - KONU TERİMİ
Konusal terim veya coğrafi ad Ahlak, İslamda.
9 (RLIN) 89085
830 1# - SERİ EK GİRİŞİ - TEKBİÇİM ESER ADI
Tekbiçim Başlık Pınar yayınları ;
Volume number/sequential designation 325.
9 (RLIN) 9101
830 1# - SERİ EK GİRİŞİ - TEKBİÇİM ESER ADI
Tekbiçim Başlık İslam Düşüncesi ;
Volume number/sequential designation 95.
9 (RLIN) 38113
830 1# - SERİ EK GİRİŞİ - TEKBİÇİM ESER ADI
Tekbiçim Başlık İbn Teymiyye Bütün Eserleri ;
Volume number/sequential designation 10
9 (RLIN) 97519
942 ## - EK GİRİŞ ÖGELERİ (KOHA)
Source of classification or shelving scheme Library of Congress Classification
Koha item type Book
Holdings
Materyal Türü Kalıcı Konum Mevcut Konum Raf Yeri Sınıflandırma Kaynağı Edinim Bilgisi Ana Konular Alt Konular Yer Numarası Demirbaş Numarası Fatura Tarihi Maliyet, Alış Fiyatı Maliyet, Yenileme Fiyatı Geri Çekilme Durumu Kayıp Durumu Hasarlı Durumu Kredi için değil Kayıt Tarih Toplam Ödünçverme Son Görülme Tarihi Son Kontrol Tarihi Satın Alma Notu
Book Prof. Dr. Azmi Özcan Kütüphanesi Prof. Dr. Azmi Özcan Kütüphanesi Uluğbey Salonu Library of Congress Classification Satın FELSEFE, PSİKOLOJİ, DİN Etik (Ahlak) BJ1291 .I26 2015 0052254 07/07/2015 9.31 9.31         29/06/2015 2 05/12/2024 05/12/2024 B-984687 - B-984797